分析/予測21世紀のキーワード : 90年代通産政策ビジョンと国際社会
में बचाया:
| निगमित लेखक: | |
|---|---|
| स्वरूप: | पुस्तक |
| भाषा: | Undetermined |
| प्रकाशित: |
東京
TBSブリタニカ
1991
|
| विषय: | |
| टैग : |
टैग जोड़ें
कोई टैग नहीं, इस रिकॉर्ड को टैग करने वाले पहले व्यक्ति बनें!
|
| Thư viện lưu trữ: | Trung tâm Học liệu Trường Đại học Cần Thơ |
|---|
| LEADER | 00609nam a2200205Ia 4500 | ||
|---|---|---|---|
| 001 | CTU_83535 | ||
| 008 | 210402s9999 xx 000 0 und d | ||
| 082 | |a 338.0952 | ||
| 082 | |b N691 | ||
| 110 | |a 21世紀経済研究会 | ||
| 245 | 0 | |a 分析/予測21世紀のキーワード : | |
| 245 | 0 | |b 90年代通産政策ビジョンと国際社会 | |
| 245 | 0 | |c 21世紀経済研究会 | |
| 260 | |a 東京 | ||
| 260 | |b TBSブリタニカ | ||
| 260 | |c 1991 | ||
| 650 | |a Economic conditions | ||
| 650 | |x Japan | ||
| 904 | |i Ngoc, QHieu | ||
| 980 | |a Trung tâm Học liệu Trường Đại học Cần Thơ | ||